Evaluación de la vivienda construida en San Andrés Itzapa después del terremoto de 1976

El presente trabajo es el de llegar a proponer como parte final del proceso de análisis del uso y consumo del espacio habitacional, producido como primera etapa cazo de la reconstrucción, algunas alternativas concretas de crecimiento del módulo inicial de vivienda, cuyo de desarrollo debe respond...

Full description

Bibliographic Details
Main Author: Martínez de Hammond, Ruth María
Other Authors: Tutor: Méndez Dávila, Francisco
Format: Tesis Section = Libro
Language:Undetermined
Spanish
Published: Guatemala USAC-G 1980
Subjects:
LEADER 01146nam a2200217Ia 4500
008 240830s9999 xx 000 0 und d
040 |a BIBLIOTECA-RUSB/ Mon 728.1728161 M378 
041 |a spa 
082 |a Mon 728.1728161 M378 
100 1 |a Martínez de Hammond, Ruth María 
245 1 0 |a Evaluación de la vivienda construida en San Andrés Itzapa después del terremoto de 1976 
260 |a Guatemala  |b USAC-G  |c 1980 
300 |a 122 p. :il. 
502 |a Tesis (Arquitecto) - USAC-G, 1980. 
520 3 |a El presente trabajo es el de llegar a proponer como parte final del proceso de análisis del uso y consumo del espacio habitacional, producido como primera etapa cazo de la reconstrucción, algunas alternativas concretas de crecimiento del módulo inicial de vivienda, cuyo de desarrollo debe responder a las necesidades de espacio complementario de la población, detectadas a través del trabajo de investigación de campo que fundamenta esta tesis. 
650 7 |a VIVIENDAS ECONOMICAS-CHIMALTENANGO 
650 7 |b  GUATEMALA I 
700 1 |a Tutor:  |b Méndez Dávila, Francisco 
942 |c BK  |2 ddc 
991 |a TESIS 
999 |c 21483